The Toa of leadership : Lao Tzu's Tao Te Ching adapeted for a new age

Bibliographic Details
Main Author: Heider, John
Format: Book
Published: Kuala Lumpur : Eastern Dragon Books , 1996
Subjects:

MARC

LEADER 00000cam a2200000 7i4500
001 0000008995
002 000009796
005 20000330.0
020 |a 9838991139 
090 0 0 |a 299.51482   |b HEI 
100 1 |a Heider, John 
245 1 4 |a The Toa of leadership :   |b Lao Tzu's Tao Te Ching adapeted for a new age   |c John Heider 
260 |a Kuala Lumpur :   |b Eastern Dragon Books ,   |c 1996 
300 |a 166p ;   |c 18cm. 
650 0 0 |a Leadership 
650 0 0 |a Tao 
999 |a 00068885   |b BUKU   |c PINJAMAN   |e PERPUSTAKAAN KOMUNITI PETALING JAYA 
999 |a 040940   |b BUKU   |c PINJAMAN   |e PERPUSTAKAAN KOMUNITI PETALING JAYA 
999 |a 056417   |b BUKU   |c PINJAMAN   |e PERPUSTAKAAN KOMUNITI PETALING JAYA 
999 |a 057459   |b BUKU   |c PINJAMAN   |e PERPUSTAKAAN KOMUNITI PETALING JAYA 
999 |a 057460   |b BUKU   |c PINJAMAN   |e PERPUSTAKAAN KOMUNITI PETALING JAYA